LEADER 01649nam a2200325 a 4500 001 000000012169 003 CaOOAMICUS 005 20140722091424.0 008 940516s1964 it u000 u ita r 035 $a10295216 040 $aPUL(R)$bita 100 1 $aMancini, Italo,$d1925-1993.$0(OLS)http://pul/name/5319 245 10$aLinguaggio e salvezza /$cItalo Mancini. 260 $aMilano :$bVita e pensiero,$c1964. 300 $axiii, 373 p. ;$c24 cm 490 1 $aPubblicazioni della Università cattolica del Sacro Cuore.$aContributi.$aSerie 3, Scienze filosofiche ;$v8 504 $aInclude riferimenti bibliografici e indice. 650 0$aLanguage and languages$xReligious aspects.$2//eng$0(OLS)http://pul/subject/9140 650 0$aDemythologization.$2//eng$0(OLS)http://pul/subject/4830 650 0$aReligion$xPhilosophy.$2//eng$0(OLS)http://pul/subject/4912 710 2 $aUniversità cattolica del Sacro Cuore. Sede di Milano.$0(OLS)http://pul/name/534 830 0$aPubblicazioni della Università cattolica del Sacro Cuore.$pContributi.$nSerie 3,$pScienze filosofiche ;$v8.$0(OLS)http://pul/title/3789 850 $aPUL 852 $aPUL$W1$xDP1 Fondo Giannini$y60$m1555 E 33$j17202$nBK-PRI$b $qFondi$B17202$CPULBib$Z2$F17202 $H $81 852 $aPUL$W1$xDP2 Diritto Canonico 1$y64$m167 D 20.9.8$j160940$qStampati$B160380$CPULBib$Z2$F160380 $H28819 $82 941 1 $a1 941 1 $a8 961 $aINV: Fondo Giannini 996 $6245$aLinguaggio e salvezza$9(OLS)http://pul/title/17623 996 $6260$aMilano :$bVita e pensiero$9(OLS)http://pul/publisher/48016 LEADER 01400naa a2200217 u 4500 001 000000094406 003 CaOOAMICUS 005 20070226130138.0 008 040422s1977 gw u000 u ger u 020 $a3110072610 035 $a10991643 040 $aIAR$bita 100 1 $aSchade, Herbert.$0(OLS)http://pul/name/60689 245 15$aDer "Traum Adams" - das "Grosse Gehimnis" (Ephes. 5,32) von Liebe und Tod und die Erkenntnis des Guten und Bösen in der mittelalterlichen Kunst :.bDie Bilderkenntnis als anthropologische Voraussetzung für die Entscheidung des Menschen zwischen Gut und Böse /$cHerbert Schade S.J. 260 $aBerlin :$bW. de Gruyter,$c1977. 300 $aS. 453-488, ;$c25 cm 773 0 $aDie Mächte des Guten und Bösen : Vorstellungen im XII. und XIII. Jahrhundert über ihr Wirken in der Heilsgeschichte. 773 0 $tDie Mächte des Guten und Bösen : Vorstellungen im XII. u. XIII. Jh. über ihr Wirken in der Heilsgeschichte$w()18526 996 $6020$a3110072610$9(OLS)http://pul/number/23706 996 $6245$aDer "Traum Adams" - das "Grosse Gehimnis" (Ephes. 5,32) von Liebe und Tod und die Erkenntnis des Guten und Bösen in der mittelalterlichen Kunst :.bDie Bilderkenntnis als anthropologische Voraussetzung für die Entscheidung des Menschen zwischen Gut und Böse$9(OLS)http://pul/title/121274 996 $6260$aBerlin :$bW. de Gruyter$9(OLS)http://pul/publisher/48032